=LDR 00000nam 2200000 4500 =001 INLIS000000000038635 =005 20130612144311 =008 ***********************************Ind** =035 ##$$0010-061300000038635 =041 ##$$a Ind =082 ##$$a 813.01 =090 ##$$a 813.01, Agu s =100 ##$$a Agung, A.M. Lilik =245 ##$$a Starbucks coffee, suatu senja, Oleh A.M. Lilik Agung =260 ##$$a 2010 $b Jakarta =300 ##$$a 136 hlm, 20 cm =650 ##$$a Fiksi Indonesia - Cerita Pendek =850 ##$$a NBPNMAT